000 00466nam a2200169 i 4500
001 114527
003 ES-MaACL
005 20230906190159.0
007 t|
008 070308s1966 mx ||||1| spa d
100 1 _aGram Jorge.
_959536
245 1 0 _aHéctor
_b: novela histórica cristera /
_cJorge Gram.
250 _a7ª ed.
260 _aMéxico :
_bJus,
_c1966.
300 _aXVII, 300 p., [8] p. de lám. ;
_c20 cm.
852 _aES-MaACL
_jE-10022
_bR.93857
999 _c114527
_d114527